000
00313nam a22001337a 4500
008
170628b xxu||||| |||| 00| 0 eng d
020
_a
9780393913293
041
_a
eng
080
_2
3RD
_a
82
100
_a
21
101
_a
GJL
245
_a
THE NORTON ANTHOLOGY OF WORLD LITERATURE
_c
PUCHNER,M
942
_2
udc
_c
BK
999
_c
19345
_d
19345